Nápady do zahrady : postupy krok a krokem, které zvládnete sami /
Uložené v:
| Hlavní autori: | , |
|---|---|
| Médium: | Kniha |
| Jazyk: | Czech |
| Vydané: |
Praha :
Grada,
2014.
|
| Vydanie: | 1. vyd. |
| Témy: | |
| ISBN: |
9788024752778 (brož.) |
| Fyzický popis: |
72 s. : fotogr., portréty ; 24 cm. |
| Tagy: |
Pridať tag
Žiadne tagy, Buďte prvý kto otaguje tento záznam!
|
Titul je dostupný aj v ... 

MARC
| LEADER | 00000nam a2200000 a 4500 | ||
|---|---|---|---|
| 001 | 000458708 | ||
| 005 | 20150518100549.0 | ||
| 008 | 140911s2014 xr co e f 000 0 cze d | ||
| 020 | |a 9788024752778 (brož.) | ||
| 040 | |a SVKKK |b slo |c SVKKK |e AACR2 | ||
| 041 | 0 | |a cze | |
| 044 | |a xr |c CZ | ||
| 072 | 7 | |a 631 |x Poľnohospodárstvo. Pedológia. Agrotechnika. Agroekológia |2 konspekt | |
| 072 | 7 | |a 635 |x Záhradkárstvo |2 konspekt | |
| 080 | |a 631.23/.27 |2 2001 | ||
| 080 | |a 635.047 |2 2001 | ||
| 080 | |a 689 |2 2001 | ||
| 080 | |a (035) |2 2001 | ||
| 100 | 1 | |a Zemanová, Petra, |d 1970- |4 aut |4 pht | |
| 245 | 1 | 0 | |a Nápady do zahrady : |b postupy krok a krokem, které zvládnete sami / |c Petra a Pavel Zemanovi. |
| 250 | |a 1. vyd. | ||
| 260 | |a Praha : |b Grada, |c 2014. | ||
| 300 | |a 72 s. : |b fotogr., portréty ; |c 24 cm. | ||
| 500 | |a Biograf. údaje o aut. | ||
| 650 | 0 | 7 | |a záhradné stavby |2 SVKKKPH |
| 650 | 0 | 7 | |a zahradné doplnky |2 SVKKKPH |
| 655 | 7 | |a príručky |2 SVKKKPH | |
| 700 | 1 | |a Zeman, Pavel, |d 1969- |4 aut |4 pht | |
| 910 | |a svkkk | ||
| 919 | |a 978-80-247-5277-8 | ||
| 998 | |a BK | ||
| 090 | |g SCKHL |k Sklad Hlavná 10 prízemie |a IV.222618 |j 1060674 |i 2720323260 |s Absenčne | ||